Etymology of European Names - Statistics

General Stats
  • This quiz has been taken 27 times
  • The average score is 3 of 9
Answer Stats
Origin Meaning Gender First letter Answer % Correct
Greek Wisdom Female S Sophia
90%
Slavic Of great power Male V Vladimir
76%
Latin Dedicated to Mars Male M Mark
67%
Irish Of noble birth Male K Kevin
33%
German Entire Female E Emma
19%
French Shining bright Female E Eleanor
10%
Italian Most holy Female A Ariana
5%
Serbian Love/Kiss Female L Ljubica
5%
Albanian Like snow Female S Sibora
5%
No matching quizzes found
Score Distribution
Percent of People with Each Score
Percentile by Number Answered
Your Score History
You have not taken this quiz